000
00282nam a22001217a 4500
008
170223b xxu||||| |||| 00| 0 eng d
041
_a
eng
080
_2
2ND
_a
616.31
100
_a
5
101
_a
SHK
245
_a
TECHNIQUES IN GENERAL THORACIC SURGERY
_c
HOOD, R.M
942
_2
udc
_c
BK
999
_c
6150
_d
6150